000 00373pam a2200145a 44500
008 230405s xxu||||| |||| 00| 0 eng d
041 _aENG
100 _aK PAECH K /TRACEY
245 _aMODERN METHODS OF PLANT ANALYSIS VOL6
250 _a1 2011
260 _aNEW YORK
_bSPRINGER VERLAG PUBLICATION NEW YORK
_c
300 _a488
650 _aPHARMACOGNOSY
906 _a1702
999 _c276973
_d276973